Viento en popa 1 : primeras lecturas /
Guardado en:
| Autor Principal: | |
|---|---|
| Formato: | Libro |
| Publicado: |
Buenos Aires :
Aique,
1993
|
| Edición: | 6a. ed. |
| Materias: | |
| Etiquetas: |
Agregar Etiqueta
Sin Etiquetas, Sea el primero en etiquetar este registro!
|
| LEADER | 00655nam a22002175a 4500 | ||
|---|---|---|---|
| 001 | CEM.cems012471 | ||
| 005 | 20070416172733.0 | ||
| 008 | 130507s1993##################000#0#####d | ||
| 003 | CEMS | ||
| 020 | |a 9509003875 | ||
| 082 | 0 | 4 | |a 372.41 |
| 100 | 1 | |a Goldberg, Mirta | |
| 245 | 1 | 0 | |a Viento en popa 1 : |b primeras lecturas / |c Mirta Goldberg |
| 250 | |a 6a. ed. | ||
| 260 | |a Buenos Aires : |b Aique, |c 1993 | ||
| 300 | |a 143 p. | ||
| 653 | |a Biblioteca maría de los angeles saggio | ||
| 653 | |a Educación primaria | ||
| 653 | |a Lengua-1º ciclo egb | ||
| 653 | |a Lengua-libro de lectura | ||
| 859 | |a CEMS |b BIB. CEMS - 11 de abril |h 372.41 |i G572a6 |p 23826.07 |t Ej.1 |v 1º |3 1º | ||
